University Home | Library Home | Institutional Repository

Stilkunst : (Record no. 121898)

MARC details
000 -LEADER
fixed length control field 00956cam0a220025300 4500
001 - CONTROL NUMBER
control field qcf00046222
005 - DATE AND TIME OF LATEST TRANSACTION
control field 20190822082636.0
008 - FIXED-LENGTH DATA ELEMENTS--GENERAL INFORMATION
fixed length control field 781129c19611943gw 001 0 ger d
035 ## - SYSTEM CONTROL NUMBER
System control number (Sirsi) r92557
035 ## - SYSTEM CONTROL NUMBER
System control number (QCAT)lss02151615
035 ## - SYSTEM CONTROL NUMBER
System control number (UPRA)qcf00046222
040 ## - CATALOGING SOURCE
Modifying agency UPRA
100 1# - MAIN ENTRY--PERSONAL NAME
Personal name Reiners, Ludwig, 1896-1957.
Dates associated with a name Reiners, Ludwig, 1896-1957.
Linkage A51437.1
245 10 - TITLE STATEMENT
Title Stilkunst :
Remainder of title ein Lehrbuch deutscher Prosa /
Statement of responsibility, etc. Ludwig Reiners.
260 ## - PUBLICATION, DISTRIBUTION, ETC.
Place of publication, distribution, etc. Munchen :
Name of publisher, distributor, etc. Beck,
Date of publication, distribution, etc. 1961, c1943.
500 ## - GENERAL NOTE
General note First ed. published 1944 under title: Deutsche Stilkunst.
500 ## - GENERAL NOTE
General note Includes index.
504 ## - BIBLIOGRAPHY, ETC. NOTE
Bibliography, etc. note Bibliographical references included in "Anmerkungen" p. [765]-772.
650 #0 - SUBJECT ADDED ENTRY--TOPICAL TERM
Topical term or geographic name entry element German language -- Rhetoric.
General subdivision German language -- Rhetoric.
Linkage S40347.1
650 #0 - SUBJECT ADDED ENTRY--TOPICAL TERM
Topical term or geographic name entry element German language -- Style.
General subdivision German language -- Style.
Linkage S40348.1
740 0# - ADDED ENTRY--UNCONTROLLED RELATED/ANALYTICAL TITLE
Uncontrolled related/analytical title Deutsche Stilkunst.
949 ## - LOCAL PROCESSING INFORMATION (OCLC)
a PF3410
w lcc
i -130277
m MAIN
t BOOK
l ON-SHELF

No items available.

© 2026 - The University of Zambia Library - Koha v25.11